Código de la familia: colección privada. Normativa y jurisprudencia sistematizada, concordada y comentada

Uloženo v:
Podrobná bibliografie
Hlavní autor: Barrientos Grandón, Javier Orlando (Autor)
Médium: Kniha
Jazyk:španělština
Vydáno: Santiago Legal Publishing 2018
Vydání:6a. ed
Témata:
Tagy: Přidat tag
Žádné tagy, Buďte první, kdo vytvoří štítek k tomuto záznamu!

MARC

LEADER 00000cam a2200000 a 4500
001 UCC6549
003 CL-VaPUC
008 181213e20180000cl |||||||||||||||||spa|d
020 |a 9789563469943 
082 0 4 |a 346.83015  |b BAR  |2 21 
100 0 |a Barrientos Grandón, Javier Orlando  |e author  |9 601023 
245 1 0 |a Código de la familia: colección privada. Normativa y jurisprudencia sistematizada, concordada y comentada 
250 |a 6a. ed 
300 |a 1248 p 
942 |c BK 
945 |d 20181213 14:55:00  |a dcastane 
260 |a Santiago  |b Legal Publishing  |c 2018 
650 0 |a Derecho de familia  |9 255603 
650 0 |a Familias   |9 255641 
650 7 |a MATRIMONIO  |2 CL-VaPUC  |9 601024 
650 0 |a Sociedad conyugal   |9 357527 
583 |a last modification  |c 20190729 12:01:46  |k Rodrigo Vera 
999 |c 373489  |d 373487 
952 |0 0  |1 0  |3 erb  |4 0  |6 346_830150000000000_BAR_2018  |7 0  |8 A  |9 491599  |a BIBDER  |b BIBDER  |i 5523311  |l 1  |o 346.83015 BAR 2018  |p 5523311  |r 2023-10-02  |s 2023-04-11  |w 2019-11-24  |y BK  |z Catalogado en:20181213  |k DER